000
00295nam a2200109 4500
999
_c
10031
_d
10031
008
180726b ||||| |||| 00| 0 eng d
245
_a
Vaccines vs meningitis pushed.
260
_a
Philippines
_b
The Philippine Star
_c
c2016
300
_a
page F-2.
650
0
_9
29634
_a
Vaccines.
942
_2
ddc
_c
PER